| 000 | 04841cam a22008414i 4500 | ||
|---|---|---|---|
| 003 | PE-LiUPU | ||
| 005 | 20250731170447.0 | ||
| 008 | 150706s2003 sp a rb 000 0 spa d | ||
| 020 | _a8436817737 | ||
| 020 | _a9788436817737 | ||
| 035 | _a(Sirsi) i9788436817737 | ||
| 040 |
_aPE-LiUPU _bspa _cPE-LiUPU _dPE-LiUPU _erda |
||
| 049 | _aPRUA | ||
| 082 | 0 | 4 |
_a159.4 _bP91 2010 |
| 082 | 0 | 4 |
_a159.95 _bP91 _221 |
| 100 | 1 |
_aPuente Ferreras, Aníbal, _eautor. |
|
| 245 | 1 | 0 |
_aCognición y aprendizaje : _bfundamentos psicológicos / _cAníbal Puente Ferreras, Luis Mayor Martínez, José Moya Santoyo. |
| 250 | _a2a edición. | ||
| 264 | 1 |
_aMadrid : _bPirámide, _c2003. |
|
| 300 |
_a493 páginas : _bilustraciones ; _c24 centímetros. |
||
| 336 |
_atext _2rdacontent |
||
| 337 |
_aunmediated _2rdamedia |
||
| 338 |
_avolume _2rdacarrier |
||
| 490 | 0 | _aColección "Psicología" | |
| 504 | _aincluye referencias biblográficas. | ||
| 505 | 0 | _aDimensiones y áreas de la psicología -- Métodos y técnicas en psicología cognitiva -- Psicología cognitiva, raíces, supuestos y prospectiva -- Cerebro, cognición y conducta -- Sensación y cognición -- Atención -- Principios básicos del aprendizaje -- Condicionamiento clásico -- Condicionamiento instrumental -- Aprendizaje cognitivo -- Modelos computarizados del aprendizaje -- Memoria -- Representación del conocimiento -- Solución del problema -- Razonamiento, juicios y toma de decisiones -- Lenguaje -- Motivación -- Emociones. | |
| 526 | _aSEG68 | ||
| 526 | _aSEG70 | ||
| 526 | _aSEG69 | ||
| 526 | _aSEG67 | ||
| 526 | _aSEG43 | ||
| 526 | _aP144 | ||
| 526 | _aP143 | ||
| 526 | _aP131 | ||
| 526 | _aP122 | ||
| 526 | _aP120 | ||
| 526 | _aP117 | ||
| 526 | _aP112 | ||
| 526 | _aP110 | ||
| 526 | _aP106 | ||
| 526 | _aP101 | ||
| 526 | _aP80 | ||
| 526 | _aP59 | ||
| 526 | _aP54 | ||
| 526 | _aP35 | ||
| 526 | _aP33 | ||
| 526 | _aP30 | ||
| 541 | _g001-0030486; | ||
| 541 | _g001-0030831; | ||
| 650 | 0 | 4 | _aPsicología cognitiva. |
| 700 | 1 |
_aMayor Martínez, Luis, _eautor. |
|
| 700 | 1 |
_aMoya Santoyo, José, _eautor. |
|
| 910 |
_agl _bjv _cng _d20090918 |
||
| 910 |
_btqv _cwelc _d20160824 |
||
| 942 |
_2ddc _cBOOK |
||
| 949 |
_a153.4 P91 2010 _wDEWEY _c1 _iFJ03325 _lCCODEBUJ1 _mBUJ _p82.00 _r0 _sY _tBOOK _u2015-10-6 _xSALUD _PP33 _0COMPRA _o.STAFF. Colección General Juliaca |
||
| 949 |
_a153.4 P91 2010 _wDEWEY _c2 _iFJ01555 _lCCODEBUJ1 _mBUJ _p82.00 _r0 _sY _tBOOK _u2015-10-6 _xSALUD _PP33 _0COMPRA _o.STAFF. Colección Ciencias de la Salud |
||
| 949 |
_a153.4 P91 2010 _wDEWEY _c3 _i1009727 _lCCODEBUJ1 _mBUJ _p82.00 _r0 _sY _tBOOK _u2015-10-6 _xSALUD _PP33 _0COMPRA _o.STAFF. Colección Ciencias de la Salud |
||
| 949 |
_a153.4 P91 2010 _wDEWEY _c4 _iFJ01531 _lCCODEBUJ1 _mBUJ _p82.00 _r0 _sY _tBOOK _u2015-10-6 _xSALUD _PP33 _0COMPRA _o.STAFF. Colección General Juliaca |
||
| 949 |
_a153.4 P91 2010 _wDEWEY _c5 _iFJ01895 _lCCODEBUJ1 _mBUJ _p82.00 _r0 _sY _tBOOK _u2015-12-11 _xSALUD _PP33 _0COMPRA _o.STAFF. Colección General Juliaca |
||
| 949 |
_a159.95 P91 _wDEWEY _c1 _i60759 _d2016-10-5 _e2016-10-3 _lCCODEBUL1 _mBUL _n7 _p82.00 _r0 _sY _tBOOK _u2015-7-6 _xSALUD _PP33 _0COMPRA _o.STAFF. Colección Ciencias de la Salud |
||
| 949 |
_a159.95 P91 _wDEWEY _c2 _i60448 _d2016-10-5 _e2016-10-3 _lCCODEBUL1 _mBUL _n9 _p82.00 _r0 _sY _tBOOK _u2015-7-6 _xSALUD _PP33 _0COMPRA _o.STAFF. Colección Ciencias de la Salud |
||
| 994 |
_aC0 _bPEPRU |
||
| 596 | _a1 3 | ||
| 999 |
_a159.95 P91 _wDEWEY _c49901 _i60759 _d49901 _e2019-8-10 _f2021-11-3 _g6 _lCCODEBUL1 _mBUL _n24 _p82.00 _q5 _r0 _sY _tBOOK _u2015-7-6 _xSALUD _zP33 _0COMPRA _o.STAFF. Colección Ciencias de la Salud |
||
| 999 |
_a159.95 P91 _wDEWEY _c2 _i60448 _d2019-8-14 _e2019-8-12 _f2021-11-3 _g6 _lCCODEBUL1 _mBUL _n23 _p82.00 _q11 _r0 _sY _tBOOK _u2015-7-6 _xSALUD _zP33 _0COMPRA _o.STAFF. Colección Ciencias de la Salud |
||
| 999 |
_a153.4 P91 2010 _wDEWEY _c1 _iFJ03325 _d2019-5-30 _e2019-5-27 _f2022-1-17 _g4 _lCCODEBUJ1 _mBUJ _n6 _p82.00 _q7 _r0 _sY _tBOOK _u2015-10-6 _xSALUD _PP33 _0COMPRA _o.STAFF. Colección General Juliaca |
||
| 999 |
_a153.4 P91 2010 _wDEWEY _c2 _iFJ01555 _d2019-6-3 _e2019-5-31 _f2022-1-17 _g4 _lCCODEBUJ1 _mBUJ _n5 _p82.00 _q4 _r0 _sY _tBOOK _u2015-10-6 _xSALUD _PP33 _0COMPRA _o.STAFF. Colección General |
||
| 999 |
_a153.4 P91 2010 _wDEWEY _c4 _iFJ01531 _d2019-5-23 _e2019-5-20 _f2022-1-17 _g4 _lCCODEBUJ1 _mBUJ _n5 _p82.00 _q10 _r0 _sY _tBOOK _u2015-10-6 _xSALUD _PP33 _0COMPRA _o.STAFF. Colección General Juliaca |
||
| 999 |
_a153.4 P91 2010 _wDEWEY _c5 _iFJ01895 _d2019-11-20 _e2019-10-1 _f2022-1-17 _g4 _lCCODEBUJ1 _mBUJ _n36 _p82.00 _q36 _r0 _sY _tBOOK _u2015-12-11 _xSALUD _PP33 _0COMPRA _o.STAFF. Colección General Juliaca |
||
| 980 |
_81 _gALBERTO SANCHEZ Responsable de Automatización |
||